History Quiz

Random History or Century Quiz

Which century? Quiz Stats

 Plays Quiz not verified by Sporcle

Challenge
Share
Tweet
Embed
Score 0/15 Timer 04:00
0 Plays Today
Person Century % Correct
Leonardo da Vinci15th
98.9%
George Washington18th
64.5%
Pablo Picasso19th
63.4%
Dwight D. Eisenhower19th
63.4%
Charles Dickens19th
62.4%
Marie Antoinette18th
62.4%
Henry viii15th
61.3%
Oliver Cromwell16th
57%
Person Century % Correct
Joan of Arc15th
57%
Richard i (Lionheart)12th
53.8%
Alexander the Great4th BC
47.3%
Emperor Vespasian1st
47.3%
Genghis Khan12th
46.2%
Cleopatra vii1st BC
40.9%
Hannibal3rd BC
36.6%

You're not logged in!

Compare scores with friends on all Sporcle quizzes.
OR
Log In

You Might Also Like...

Show Comments

Extras

Created Aug 20, 2012ReportNominate
Tags:Century Quiz, Famous People

Top Quizzes Today


Score Distribution

Your Account Isn't Verified!

In order to create a playlist on Sporcle, you need to verify the email address you used during registration. Go to your Sporcle Settings to finish the process.

Report this User

Report this user for behavior that violates our Community Guidelines.

Details: